Online Catalogue and eLibrary

Saundar ya adyapanaya : (Record no. 1094)

MARC details
000 -LEADER
fixed length control field 00495nam a2200157Ia 4500
005 - DATE AND TIME OF LATEST TRANSACTION
control field 20250606011517.0
008 - FIXED-LENGTH DATA ELEMENTS--GENERAL INFORMATION
fixed length control field 240331s9999 xx 000 0 und d
020 ## - INTERNATIONAL STANDARD BOOK NUMBER
ISBN 9552023874
082 ## - DDC Classification
Class No. 302.2
Item Number - Author Mark AMA
100 ## - MAIN ENTRY--PERSONAL NAME
Personal name Amarasinghe , K.
245 #0 - TITLE STATEMENT
Title Saundar ya adyapanaya :
Remainder of title guwanviduli madya saha nirmanathmaka sannivedanaya
260 ## - PUBLICATION, DISTRIBUTION, ETC.
Place of publication, distribution, etc. Colombo
Name of publisher, distributor, etc. S. Godage and Brothers State
Date of publication, distribution, etc. 1998
300 ## - PHYSICAL DESCRIPTION
Extent (e.g. Volumes, Pages etc.) 159 p .,
500 ## - GENERAL NOTE
General note Aesthetic education radio medium and creative communication
942 ## - Koha item type (Biblio)
Koha item type Books in Stacks (Lending)
Holdings
Lost status Damaged status Collection code Home library Current library Shelving location Date acquired Full call number Accession Number Item type
    Lending WERC Library WERC Library Social Science Cupboard 03/31/2024 302.2 AMA 2646 Books in Stacks (Lending)

© WERC Library